000 00468nam a2200181Ia 4500
005 20250508160842.0
008 008 250505s9999 xx 000 0 hin d
037 _aTextual
040 _aFEDL
_beng
_cFEDL
041 _ahin
_2eng
084 _a891.437, MAJ
_qFEDL
100 _aMajeethia Sudarshan
_9769546
245 0 _aIndicate banam sindicate
260 _c1952
300 _a128p
942 _cTEXL
_h891.437, MAJ
999 _c1366990
_d1366990